Movies by bad explained plot - Statistics

General Stats
  • This quiz has been taken 690 times
  • The average score is 15 of 30
Answer Stats
Plot Movie % Correct
Unsinkable ship sinks Titanic
91%
Kid commits multiple attempted murders on two robbers Home Alone
89%
Girl literally chooses an ogre over a short guy Shrek
88%
Teenager travels back in time to make sure his dad has sex with his mom Back to the Future
85%
A man without a nose tries to kill an orphan Harry Potter
84%
Dumb kid grows up, goes to war, ends up tabletennis champion Forrest Gump
75%
Surgeon messes up his hands so he becomes a magician Dr. Strange
63%
Guy commits several murders over a dog John Wick
61%
Teenager joins a terrorist group, kisses his sister and kills his dad Star Wars
57%
Big buff dude in a prison. We all cry at the ending. The Green Mile
57%
A programmer realizes there is a world outside computers The Matrix
56%
Fat Guy doing martial art and become a master at it, but still fat. Kung fu Panda
53%
Woman with stockholm syndrome is convinced to do bestiality Beauty and the Beast
52%
A man hits himself in the face multiple times and he is not supposed to talk about it Fight Club
52%
Depressed widowed father teams up with mentally challenged woman to find his disabled son Finding Nemo
50%
Man escapes prison with a tiny hammer The Shawshank Redemption
49%
A guy spends Christmas Eve trying to escape the worst office party he's been to Die Hard
47%
Dude betray race to clap some alien cheeks Avatar
44%
A bus going fast Speed
44%
Two guys get breakfast at a diner after picking up a briefcase for their employer Pulp Fiction
42%
Farmer goes on a trip, when he comes back his daughter is older than him. Interstellar
40%
Guy spend winter with his wife and his son in an hotel all included and get paid for writing a book The Shining
38%
Group spends 9 hours returning jewelry Lord of the Rings
34%
Cowboy rescues spaceman from psychotic child Toy Story
33%
Guy sucks blood out of dead mosquito and opens zoo. Jurassic Park
31%
Private company is harvesting renewable energy by causing psychological trauma to minors Monsters Inc.
26%
A policeman dies but needs to come into work anyway Robocop
20%
Magician dies over and over again The Prestige
14%
Aliens who can be killed with water invade a planet with 70% water coverage Signs
9%
Average guy shows the President how to water plants Idiocracy
8%
No matching quizzes found
Score Distribution
Percent of People with Each Score
Percentile by Number Answered
Your Score History
You have not taken this quiz